Sports Quiz

Random Sports or Baseball Quiz

Los Angeles Dodgers of the 2010s Quiz Stats

 Plays Quiz not verified by Sporcle

Challenge
Share
Tweet
Embed
Score 0/218 Timer 17:00
0 Plays Today
Position(s) and games Player % Correct
LHSP - 239/239Clayton Kershaw
98.4%
CF - 652Matt Kemp
97%
1B - 735Adrian Gonzalez
96.7%
RF/CF - 875Andre Ethier
95.4%
C - 532A.J. Ellis
93.4%
RF/CF - 587Yasiel Puig
93.4%
C/PH - 370Yasmani Grandal
93.4%
SS - 329Corey Seager
93.4%
2B - 236Mark Ellis
93.1%
1B/LF - 132Cody Bellinger
92.7%
LF/PH - 66Manny Ramirez
90.5%
RHSP - 92/92Zack Greinke
90.1%
RHRP - 474/0Kenley Jansen
90.1%
SS - 278Hanley Ramirez
89.8%
1B - 433James Loney
88.8%
LHSP - 82/81Hyun-Jin Ryu
88.5%
CF/LF/2B/PH/SS - 174Chris Taylor
87.9%
LHSP - 31/31Rich Hill
87.1%
3B - 516Justin Turner
86.9%
LF/PH - 320Carl Crawford
86.2%
2B - 299Chase Utley
85.6%
CF - 408Joc Pederson
84.9%
LHSP - 53/47Alex Wood
84.4%
PH/LF/CF/SS/2B/RF - 325Enrique Hernandez
84.4%
C - 97Russell Martin
83.9%
RHSP - 61/57Kenta Maeda
82.6%
3B - 407Juan Uribe
82.2%
RHSP - 9/9Roberto Hernandez
81.2%
RHSP - 33/29Brandon McCarthy
80.8%
RHRP - 23/0Jim Johnson
80.2%
PH/2B/LF - 7Micah Johnson
80.2%
SS/2B - 329Dee Gordon
79.9%
C/PH/2B - 143Austin Barnes
79.6%
2B/3B/PH - 119Logan Forsythe
79%
LHSP - 35/34Brett Anderson
77.2%
LHSP - 26/26Scott Kazmir
76.6%
RHSP - 90/90Chad Billingsley
76.6%
RHRP - 79/0Brian Wilson
76.3%
RHSP - 35/35Josh Beckett
75.7%
LHRP - 124/0Paco Rodriguez
75.3%
C/PH/1B/DH - 17Ramon Hernandez
75.3%
SS/PH - 144Jimmy Rollins
74.3%
LHSP - 23/20Julio Urias
73.1%
LF/PH/RF - 102Reed Johnson
71.4%
RHRP - 76/1Yimi Garcia
69.7%
LF/PH/RF/PH/1B - 355Scott Van Slyke
69.1%
SS - 134Rafael Furcal
67.1%
RHSP - 1/1Zach Lee
67.1%
CF/RF/LF/PH - 107Trayce Thompson
67.1%
RHSP - 9/9Yu Darvish
66.1%
RHSP - 63/63Hiroki Kuroda
66.1%
2B/LF - 263Howie Kendrick
65.9%
RHRP - 78/0Jonathan Broxton
65.8%
RHSP - 32/32Dan Haren
65.3%
3B/SS - 123Luis Cruz
65.1%
LF/CF/PH - 79Andre Toles
64.5%
LHRP - 3/0Onelki Garcia
64.5%
PH/LF/RF - 80Garret Anderson
63.5%
RHRP - 49/0Chris Perez
63.5%
3B - 209Casey Blake
62.2%
RHRP - 24/9Brock Stewart
62.1%
1B/3B/PH - 21Michael Young
61.8%
LHSP - 58/58Ted Lilly
60.5%
RHRP - 45/0Brandon Morrow
60.5%
SS/3B/2B/PH - 116Nick Punto
60.2%
RHRP - 211/0Pedro Baez
59.7%
LHRP - 24/0Tony Watson
59.7%
LHRP - 264/0J.P Howell
58.6%
RHRP - 149/0Brandon League
58.2%
SS/PR - 14Chin-Lung Hu
56.9%
LHRP - 111/0Luis Avilan
55.7%
RHRP - 79/0Josh Fields
55.6%
RHRP - 23/0Jesse Chavez
55.6%
Position(s) and games Player % Correct
LHRP - 22/0Tony Cingrani
54.8%
RHRP - 71/16Ross Stripling
53.9%
LHSP - 57/53Chris Capuano
53.6%
PH/LF/3B - 117Alex Guerrero
53.6%
LF/RF/CF - 36Curtis Granderson
52.4%
PH/CF/LF/RF - 15Alex Verdugo
52.4%
C/PH - 89Tim Federowicz
51.6%
C - 123Rod Barajas
51.3%
RHRP - 112/0Chris Hatcher
50.9%
2B/PH - 82Blake DeWitt
50.3%
2B/SS/PH - 5Nick Green
50.3%
LHRP - 9/1Ian Thomas
50.3%
3B/PH/LF/2B - 174Jerry Hairston
50%
RHRP - 2/0Fabio Castillo
49.2%
RHSP - 6/5Mat Latos
49.1%
C/PH - 14Carlos Ruiz
48.4%
RHRP - 204/0Ronald Belisario
48.4%
LF/CF - 53Shane Victorino
48.4%
RHRP - 30/0Sergio Romo
47.6%
1B/LF/PH/RF - 171Juan Rivera
47.4%
SS/PH/2B/3B - 49Charlie Culberson
47.3%
2B/LF/CF/PH/RF - 125Skip Schumaker
47%
RHSP - 13/9Bud Norris
46.8%
SS/2B - 279Jamey Carroll
46.7%
RHSP - 27/27Mike Bolsinger
46.1%
RHSP - 2/2Scott Baker
46.1%
RHRP - 3/0Wilmer Font
46%
RHSP - 85/10Joe Blanton
45.4%
RHRP - 101/0Javy Guerra
45.4%
PH/LF - 35Franklin Gutierrez
45.2%
3B/PH - 60Alberto Callaspo
44.9%
LHRP - 96/0Hong-Chi Kuo
44.7%
LF/CF/PH - 239 Tony Gwynn
44.7%
PH/3B/C - 20Kyle Farmer
44.4%
RHSP - 4/4Jose De Leon
44.4%
LF/PH - 92Bobby Abreu
44.1%
RHSP - 14/10Rubby de la Rosa
43.8%
RHRP - 8/0Walker Buehler
43.5%
RHSP - 31/31Aaron Harang
43.4%
C - 65Drew Butera
43.1%
RF - 47Josh Reddick
41.9%
RHRP - 127/1Jamey Wright
41.4%
PH/1B/3B/LF/RF - 53Rob Segedin
41.1%
RHRP - 33/15Carlos Frias
40.8%
3B/PH/2B - 86Adam Kennedy
40.8%
RHSP - 25/16Vicente Padilla
39.8%
C/PH - 64Dioner Navarro
39.8%
RHRP - 33/0Joel Peralta
39.5%
C - 8Miguel Olivo
38.6%
PH/1B - 9Clint Robinson
38.6%
SS/3B - 85Miguel Rojas
38.1%
LHRP - 54/0Grant Dayton
37.9%
RHRP - 4/1James McDonald
37.5%
RHRP - 70/0Ramon Troncoso
37.2%
RHRP - 16/2Ramon Ortiz
36.8%
RHSP - 16/15Ricky Nolasco
36.5%
RHRP - 6/0Russ Ortiz
36.5%
PH/3B/2B - 38Chone Figgins
36.1%
RHRP - 61/0Louis Coleman
35.9%
LHRP - 101/0Adam Liberatore
35.9%
SS/2B/3B - 82Justin Sellers
35.9%
2B/PH - 24Darwin Barney
35.8%
RHRP - 53/1Juan Nicasio
35.3%
RHRP - 19/0Justin Miller
35.2%
2B/PH/3B/SS - 8Juan Castro
34.9%
PH/1B/LF/RF - 3Zach Walters
34.7%
2B - 54Ryan Theriot
34.2%
2B/PR/CF - 7Jose Peraza
34.1%
PH/2B/3B - 40Ivan DeJesus
33.9%
2B/3B - 136Aaron Miles
33.9%
RHRP - 12/0Sergio Santos
33.5%
RHSP - 20/16Nathan Eovaldi
32.9%
PH/LF/RF - 19Scott Schebler
32.3%
Position(s) and games Player % Correct
LF/3B/PH/2B/CF - 71Elian Herrera
32.2%
RHSP - 1/1Red Patterson
31.4%
SS - 22Erisbel Arruebarrena
31.4%
PH/2B/3B/1B - 82Ronnie Belliard
31.3%
RHRP - 120/0Matt Guerrier
30.9%
PH/LF - 7O'Koyea Dickson
30.6%
PH/RF - 12Will Venable
30.6%
LF/RF/CF/PH - 33Chris Heisey
30.5%
RHSP - 25/19John Ely
29.6%
RHRP - 43/0Jeff Weaver
29.6%
C - 21Brad Ausmus
29.6%
LHRP - 30/8Paul Maholm
29%
RHRP - 21/0Carlos Marmol
28.9%
RHRP - 46/0Chris Withrow
28.9%
RHRP - 2/0Matt West
28.7%
RHSP - 9/9Jon Garland
28.3%
LHRP - 10/0Edward Paredes
28.2%
RHSP - 2/2Brandon Beachy
28.1%
LHRP - 65/0George Sherrill
28%
RHRP - 19/0Octavio Dotel
27.6%
LHRP - 3/1David Huff
27.5%
LF/RF/PH - 51Xavier Paul
27.3%
LF/RF/1B/PH - 70Jerry Sands
27%
LF/PH - 21Justin Ruggiano
26.9%
PH/LF - 61Jay Gibbons
26.6%
C - 36Matt Treanor
26.3%
RHRP - 9/3Kevin Correia
25.7%
LHRP - 98/0Scott Elbert
25%
PH/LF - 1Tim Locastro
25%
RHSP - 6/5Edinson Volquez
24.7%
RHSP - 18/16Stephen Fife
24%
RHRP - 13/0Josh Wall
23.4%
RHSP - 2/2Joe Wieland
23.4%
LHRP - 36/0Randy Choate
22.7%
LF/CF/PH - 17Brett Eibner
22.6%
RHRP - 14/0Jose Dominguez
22.4%
RHRP - 76/0Mike MacDougal
21.7%
RHSP - 6/6Matt Magill
21.1%
RHRP - 75/0Josh Lindblom
21.1%
PH/LF - 36Marcus Thames
20.7%
RHRP - 14/0Peter Moylan
20.4%
PH/2B/PR/LFEugenio Velez
20.4%
RHRP - 25/0Casey Fien
20.4%
RHRP - 23/0Todd Coffey
20.1%
PH/C - 4Hector Gimenez
20.1%
RHRP - 32/13Carlos Monasterios
19.7%
PH/PR/LF/RF - 9Roger Bernadina
19.3%
LHRP - 10/0Daniel Coulombe
18.8%
LF/CF - 39Scott Podsednik
18.4%
3B/PH/1B - 40Russ Mitchell
18.1%
RHRP - 33/0Josh Ravin
18%
2B/3B/PH/PR - 8Ronald Torreyes
18%
LF/RF/PH - 24Alex Castellanos
17.8%
PH/3B - 4Mike Freeman
17.7%
RHRP - 49/0Blake Hawksworth
17.4%
LHSP - 5/5Dana Eveland
16.8%
PH/RF - 15Jamie Romak
15.7%
LHRP - 1/0Eric Surkamp
15.6%
RHSP - 1/1Nick Tepesch
15.3%
LF/RF/PH/CF - 8Nick Buss
15.1%
PH/LF/RF - 75Trent Oeltjen
13.8%
RHRP - 7/0Chin-Hui Tsao
13.8%
PH/1B - 11John Lindsey
12.8%
RHSP - 9/6Charlie Haeger
12.5%
SS/PR - 12Carlos Triunfel
12.3%
RHRP - 41/0Shawn Tolleson
11.8%
RHRP - 9/0Lance Cormier
11.5%
PH/LF - 4Mike Baxter
11.1%
RHRP - 9/0Jon Link
10.2%
LHRP - 3/0Jack Taschner
9.5%
PH/LF - 2Jamie Hoffmann
4.3%
RHRP - 14/0Travis Schlichting
3.3%

You're not logged in!

Compare scores with friends on all Sporcle quizzes.
OR
Log In

You Might Also Like...

Show Comments

Extras

Top Quizzes Today


Score Distribution

Your Account Isn't Verified!

In order to create a playlist on Sporcle, you need to verify the email address you used during registration. Go to your Sporcle Settings to finish the process.

Report this User

Report this user for behavior that violates our Community Guidelines.

Details: